Представление документа в формате RUSMARC

ПолеНазваниеЗначение
  Тип записи i
  Библиографический уровень m
001 Контрольный номер RU/IS/BASE/361534527
005 Дата корректировки 20201206204807.8
010 Индекс ISBN __
d Цена 229-51; 210-63
101 Язык документа __
a Язык текста rus
200 Заглавие и сведения об ответственности 1_
a Заглавие Правда - хорошо, а счастье лучше
e Сведения, относящиеся к заглавию комедия в 4-х действиях : [аудиокнига]
f Первые сведения об ответственности А. Н. Островский ; читает Станислав Федосов ; [звукорежиссеры: Михаил Ашарин, Елена Ланцова ; оператор звукозаписи Екатерина Цветкова ; корректор Светлана Рожкова]
b Общее обозначение материала Звукозапись
210 Выходные данные __
a Место издания М.
c Издательство АРДИС
d Дата издания 2007
215 Физическое описание __
a Объем 1 электрон. опт. диск (Audio CD) (2 ч. 37 мин.)
225 Серия __
a Серия Литературные чтения
300 Общие примечания __
a Общие примечания MPEGI Layer-3 (MP3) ; 192 Kbps ; 16 bit ; 44.1 kHz ; mono. - BONUS: спец. сжатая версия аудиокн. для мобил. телефонов с поддержкой MP3
323 Примечание о главных создателях, исполнителях, участниках __
a Примечание о главных создателях, исполнителях, участниках Федосов, В. (читает)
330 Аннотация __
a Аннотация Богатая и властная купчиха Мавра Тарасовна Барабошева хочет выдать свою внучку Поликсену замуж за генерала. Но девушка влюблена в бедного приказчика Платона, резонера и правдолюба. Неизвестно, чем бы все закончилось, если бы старая нянька Филицата не привела в дом отставного унтера Силу Ерофеича Грознова, в котором Барабошева узнала любовь своей молодости... Так что же все-таки лучше - правда или счастье?
333 Примечание о целевом назначении __
a Примечание о целевом назначении 16+. Для детей старше 16 лет
606 Тематические рубрики __
a Основная рубрика Художественная литература
606 Тематические рубрики __
a Основная рубрика Русская литература XIX в. (произведения)
610 Ключевые слова __
a Ключевые слова русская драматургия; драматические произведения; пьесы; комедии; тема семьи; тема юмора; тема сатиры; тема молодости; классическая литература; русская классическая литература
686 Индексы других классификаций __
a Классификационный индекс 84(2=411.2)52-6я04
700 Автор _1
a Фамилия Островский
b Имя А. Н.
f Даты 1823-1886
g Полное личное имя Александр Николаевич
4 Код отношения 070
702 Вторичная интеллектуальная ответственность _1
a Фамилия Ашарин
b Имя М.
4 Код отношения Звукорежиссер
702 Вторичная интеллектуальная ответственность _1
a Фамилия Ланцова
b Имя Е.
4 Код отношения Звукорежиссер
702 Вторичная интеллектуальная ответственность _1
a Фамилия Цветкова
b Имя Е.
4 Код отношения Оператор звукозаписи
702 Вторичная интеллектуальная ответственность _1
a Фамилия Рожкова
b Имя С.
4 Код отношения Корректор
801 Источник записи _0
a Страна RU
b Организация Муниципальное бюджетное учреждение культуры "Централизованная библиотечная система" г. Сургут (Центральная городская библиотека им. А. С. Пушкина)
g Правила каталогизации КиК/Поспелова; КиК/Елгина
801 Источник записи _1
a Страна RU
b Организация Муниципальное бюджетное учреждение культуры "Централизованная библиотечная система" г. Сургут (Центральная городская библиотека им. А. С. Пушкина)
g Правила каталогизации КиК/Поспелова; КиК/Елгина
852 Данные о местонахождении __
j Шифр хранения 84(2=411.2)52-6я04
i Авторский знак О-77
901 Тип документа __
t Тип документа 0
903 Характеристики (МАРС) __
a Дата передачи 20110921; 20110616
969 Тип издания __
a Тип издания аудиокнига
990 Данные о заказе (DOS) __
j Количество экземпляров (DOS) 1; 1
h N записи в КСУ для Б/У (DOS) 201110; 201107